000 00584nam a2200241Ia 4500
008 181129s9999 xx 000 0 und d
020 _a9780545395335
050 _bG233 2011
100 _aGarland, Michael
245 0 _aOh, what a Christmas! /
245 0 _cby Michael Garland.
260 _aNew York, NY :
260 _bScholastic,
260 _c2011
300 _aunpaged :
300 _bcolor illustrations ;
300 _c21cm.
500 _a620L
650 _aChristmas stories.
650 _aDomestic animals.
650 _aSanta Clause.
700 _aTitle.
999 _c359973
_d359973